000 00555nam a22001577a 4500
999 _c15475
_d15475
003 OSt
008 180925b ||||| |||| 00| 0 eng d
082 _a631.75807
_bANJ/PE
100 _aAnju B.
_aAthira s.
_93332
245 _aPerformance evaluation of different wick materials in wick irrigation
260 _aThavanur
_bDepartment of land and water resource and conservation engineering
_c2018
300 _avii, 85
_eCD
700 _aSajeena S. (Guide)
_93197
856 _uhttps://drive.google.com/open?id=1D4b76fEUNw2MBXZH7r9fFqMMfBwO_UTZ
942 _cPR